Manual de derecho de familia y tribunales de familia

Shranjeno v:
Bibliografske podrobnosti
Glavni avtor: López Díaz, Carlos (autor)
Format: Knjiga
Jezik:španščina
Izdano: Santiago Librotecnia 2005
Izdaja:1a. ed
Teme:
Oznake: Označite
Brez oznak, prvi označite!

MARC

LEADER 00000nam a2200000 a 4500
001 UCK4398
003 CL-VaPUC
008 050603e20050000CL |||||||||||||||||spa|d
020 |a 9567950210 
082 0 4 |a 346.83015  |b LOP  |2 21 
100 |a López Díaz, Carlos  |e autor  |9 599046 
245 1 0 |a Manual de derecho de familia y tribunales de familia 
250 |a 1a. ed 
300 |a 2 v 
942 |c BK 
945 |d 20050603 00:00:00  |a jcarroza 
260 |a Santiago  |b Librotecnia  |c 2005 
600 0 7 |a LEY 19.947  |2 CL-VaPUC  |9 492916 
650 0 |a Derecho de familia  |9 255603 
650 7 |a TRIBUNALES DE FAMILIA  |2 CL-VaPUC  |9 492917 
650 0 |a Manuales  |9 257144 
651 7 |a CHILE  |2 CL-VaPUC  |9 492918 
583 |a last modification  |c 20150328 01:07:08  |k Rodrigo Vera 
999 |c 313276  |d 313274 
952 |0 0  |1 0  |4 0  |6 346_830150000000000_LOP_2005  |7 0  |8 A  |9 384516  |a BIBDER  |b BIBDER  |d 2019-11-22  |h v.1  |i 4104528  |l 2  |o 346.83015 LOP 2005  |p 4104528  |r 2023-11-16  |s 2023-11-16  |w 2019-11-22  |y BK  |k DER 
952 |0 0  |1 0  |4 0  |6 346_830150000000000_LOP_2005  |7 0  |8 A  |9 384517  |a BIBDER  |b BIBDER  |d 2019-11-22  |h v.2  |i 4104536  |l 1  |o 346.83015 LOP 2005  |p 4104536  |r 2023-11-27  |s 2023-11-20  |w 2019-11-22  |y BK  |k DER 
952 |0 0  |1 0  |4 0  |6 346_830150000000000_LOP_2005  |7 0  |8 A  |9 384518  |a BIBDER  |b BIBDER  |d 2019-11-22  |h v.1  |i 416704K  |o 346.83015 LOP 2005  |p 416704K  |r 2023-01-25  |w 2019-11-22  |y BK  |k DER 
952 |0 0  |1 0  |4 0  |6 346_830150000000000_LOP_2005  |7 0  |8 A  |9 384519  |a BIBDER  |b BIBDER  |d 2019-11-22  |h v.2  |i 4167058  |l 2  |o 346.83015 LOP 2005  |p 4167058  |r 2024-11-25  |s 2024-11-25  |w 2019-11-22  |y BK  |k DER